01477nam a2200325 a 4500001001000000005001700010008004100027041000800068044000700076084001900083100005000102245009100152260003300243300004700276500016600323500004700489500013800536500001000674546002500684650005700709650006100766650003900827650005000866700003700916740005000953902000801003942001101011999001501022952011401037BRCA_313620190320204129.0050209s1866----fr-a---###---#000-0dfre-u afre afr a439b.J68 18661 aCervantes Saavedra, Miguel ded1547-1616921310aL´Ingénieux Chevalier Don Quichotte de la Manchecpar Miguel de Cervantes Saavedra. aParísbFurne Jouventc1866 a1 v. (en varias paginaciones)bil.c23 cm. aContenido : Primera parte. Retrato de Cervantes. Vida de Cervantes por el traductor. Notas. Prólogo del autor. Texto. Segunda parte. Prólogo del autor. Texto aEdición : Traduction nouvelle par Furne aReproducción de la edición de 1858 del propio editor, con el retrato de Cervantes y los mismos dibujos. Semipiel Lúdovik Osterc aQM364 aTexto en : francés14aNovela españolayÉpoca clásica, 1500-1700921514aLiteratura españolayÉpoca clásica, 1500-1700921614aNovela españolaySiglo XVII921714aDon Quijote (Personaje ficticio)eNovela92181 aFourne, OrtaireeTraductor984970 aEl Ingenioso Hidalgo Don Quijote de la Mancha aQFM 2lcccB c2872d2872 00104070aBRCAbBRCAd2009-02-05iQM364l0o439 .J68 1866 (QM364)p3133r2019-03-22 00:00:00w2019-03-22yB